[Event "Ä13Â"]
[Site "Loo"]
[Date "2017.04.21"]
[Round "2.4"]
[White "Åðøîâà, Ìàðãàðèòà."]
[Black "Êèð÷åé, Âèêòîðèÿ."]
[Result "0-1"]
[WhiteElo "1593"]
[BlackElo "1814"]
[PlyCount "98"]
[EventDate "2017.04.20"]

1. d4 d5 2. Nc3 Nf6 3. Bf4 Bf5 4. f3 e6 5. g4 Bg6 6. h4 h5 7. g5 Nfd7 8. Qd2
Bf5 9. e4 dxe4 10. fxe4 Bg4 11. Be2 Bxe2 12. Ngxe2 Na6 13. O-O-O Be7 14. d5 e5
15. Bg3 g6 16. Ng1 Bd6 17. Nf3 O-O 18. Rhf1 Qe7 19. Ne1 Rab8 20. Nd3 b5 21. Bf2
Rb7 22. Be3 Nab8 23. Ne2 Kg7 24. Ng3 Rh8 25. Rf3 Kf8 26. Rdf1 Rh7 27. Qe1 Ke8
28. Qd2 b4 29. Qf2 a5 30. Kb1 a4 31. Nc1 Nf8 32. Nd3 Nbd7 33. Ne2 b3 34. Nc3
bxa2+ 35. Kxa2 a3 36. b3 Rb8 37. Na4 Bb4 38. Nac5 Ba5 39. Kxa3 Nb6 40. Bd2 Bxd2
41. Qxd2 Nfd7 42. Qf2 c6 43. dxc6 Nxc5 44. Qxc5 Qa7+ 45. Kb4 Na4+ 46. Qb5 Qd4+
47. c4 Rxb5+ 48. Kxb5 Nc3+ 49. Ka6 f5 0-1

[Event "Ä13Â"]
[Site "Loo"]
[Date "2017.04.21"]
[Round "2.5"]
[White "Áîíäàðåâà, Äàðüÿ."]
[Black "×åðåïàíîâà, Ýâèòà."]
[Result "1-0"]
[WhiteElo "1778"]
[BlackElo "1612"]
[PlyCount "69"]
[EventDate "2017.04.20"]

1. e4 c6 2. d4 d5 3. exd5 cxd5 4. c4 Nf6 5. Nc3 Nc6 6. Bg5 Be6 7. Nf3 Ne4 8.
Be2 g6 9. O-O Bg7 10. Be3 O-O 11. c5 h6 12. Rc1 f5 13. Bf4 g5 14. Be5 Nxe5 15.
Nxe5 Bxe5 16. dxe5 g4 17. Nxe4 dxe4 18. Qa4 Qc7 19. c6 Qxe5 20. cxb7 Rab8 21.
Qa6 Rfd8 22. b3 f4 23. Rc6 Rd6 24. Rxd6 exd6 25. Rc1 Qf5 26. Qxa7 Qf8 27. Ba6
f3 28. Qxb8 Qxb8 29. Rc8+ Qxc8 30. bxc8=Q+ Bxc8 31. Bxc8 h5 32. Bb7 Kf8 33.
Bxe4 fxg2 34. Kxg2 Ke7 35. Kg3 1-0

[Event "Ä13Â"]
[Site "Loo"]
[Date "2017.04.21"]
[Round "2.6"]
[White "Áîðîäêèíà, Ñîôèÿ."]
[Black "Ñîâèíà, Ìàðèÿ."]
[Result "0-1"]
[WhiteElo "1576"]
[BlackElo "1734"]
[PlyCount "116"]
[EventDate "2017.04.20"]

1. e4 c5 2. d4 cxd4 3. c3 Nf6 4. e5 Nd5 5. cxd4 d6 6. Nf3 Nc6 7. Bc4 dxe5 8.
Nxe5 e6 9. O-O Bd6 10. Bb5 Qc7 11. f4 O-O 12. a3 Nxd4 13. Bd3 Bxe5 14. Qh5 g6
15. Qxe5 Qxe5 16. fxe5 Nb3 17. Ra2 Nxc1 18. Rxc1 Bd7 19. Nd2 Nf4 20. Bf1 Bc6
21. g3 Nd5 22. Bg2 Kg7 23. Raa1 Rad8 24. Nc4 h5 25. Nd6 h4 26. b4 hxg3 27. hxg3
a6 28. Ra2 f6 29. exf6+ Rxf6 30. Ne4 Rf5 31. Nc5 Re5 32. Bh3 Re8 33. Rf2 Re3
34. Kh2 g5 35. Rcf1 Rh8 36. Rf7+ Kg6 37. Rf8 Re2+ 38. R1f2 Rxf2+ 39. Rxf2 g4
40. Nxe6 Rxh3+ 41. Kg1 Rxg3+ 42. Kf1 Rf3 43. Rxf3 gxf3 44. Nd4 Ne3+ 45. Kf2
Nd1+ 46. Ke1 f2+ 47. Kf1 Bb5+ 48. Nxb5 axb5 49. a4 bxa4 50. b5 a3 51. b6 a2 52.
Ke2 a1=Q 53. Kd3 Qc3+ 54. Ke2 Qe3+ 55. Kf1 Qe1+ 56. Kg2 f1=R 57. Kh3 Rg1 58.
Kh2 Qg3# 0-1

[Event "Ä13Â"]
[Site "Loo"]
[Date "2017.04.21"]
[Round "2.7"]
[White "ßêèìîâà, Ìàðèÿ."]
[Black "Ñîñíèíà, Íàäåæäà."]
[Result "1-0"]
[WhiteElo "1730"]
[BlackElo "1610"]
[PlyCount "87"]
[EventDate "2017.04.20"]

1. e4 d5 2. exd5 Nf6 3. c4 c6 4. d4 cxd5 5. Nc3 Nc6 6. Nf3 Bg4 7. cxd5 Nxd5 8.
Qb3 Bxf3 9. gxf3 Nb6 10. d5 Nd4 11. Qd1 Nf5 12. Bb5+ Nd7 13. Bf4 a6 14. Ba4 g6
15. O-O Bg7 16. d6 e5 17. Be3 O-O 18. Ne4 b5 19. Bb3 Kh8 20. Bd5 Nxe3 21. fxe3
Rc8 22. Bb7 Rb8 23. Bc6 f5 24. Bxd7 fxe4 25. Bc6 Qg5+ 26. Kh1 exf3 27. Rxf3
Rxf3 28. Qxf3 Rf8 29. Qd5 Qxe3 30. d7 Bf6 31. Rf1 Qg5 32. Qd6 Kg7 33. Qxf8+
Kxf8 34. d8=Q+ Kg7 35. Qxf6+ Qxf6 36. Rxf6 Kxf6 37. b4 Kf5 38. Bb7 e4 39. Bxa6
e3 40. Bxb5 Ke4 41. a4 Kf3 42. a5 e2 43. Bxe2+ Kxe2 44. a6 1-0

[Event "Ä13Â"]
[Site "Loo"]
[Date "2017.04.21"]
[Round "2.8"]
[White "Õóðõåñîâà, Âèêòîðèÿ."]
[Black "Ôðîëîâà, Ëàäà."]
[Result "1-0"]
[WhiteElo "1694"]
[BlackElo "1475"]
[PlyCount "135"]
[EventDate "2017.04.20"]

1. d4 Nf6 2. Bf4 g6 3. Nc3 d5 4. Qd2 Bg7 5. O-O-O Bf5 6. f3 Nbd7 7. g4 Be6 8.
Nb5 Rc8 9. Nxa7 Ra8 10. Nb5 O-O 11. a3 c5 12. Bh6 Qb6 13. Bxg7 Kxg7 14. Nc3
Rfc8 15. e3 c4 16. h4 Qc6 17. h5 b5 18. hxg6 fxg6 19. e4 Rh8 20. Qh6+ Kf7 21.
e5 Ne8 22. Nh3 Nc7 23. Ng5+ Kg8 24. Nxh7 Bf7 25. Nf6+ Qxf6 26. exf6 Rxh6 27.
Rxh6 Nxf6 28. Be2 Rb8 29. Rdh1 Kg7 30. Na2 Ne6 31. c3 Nf4 32. Kd2 N6h5 33. gxh5
Kxh6 34. hxg6+ Kxg6 35. Nb4 Rb6 36. Bd1 Nd3 37. Nxd3 cxd3 38. Kxd3 Kg5 39. Re1
Bg6+ 40. Kd2 e6 41. Rg1+ Kf6 42. Bc2 Bf5 43. Bd3 Rb7 44. Rg8 Rb6 45. Rc8 Bxd3
46. Kxd3 Kg5 47. Ke3 Kf5 48. Rf8+ Kg5 49. Kd2 Rb7 50. Kc2 Rh7 51. Kb3 Rh2 52.
Rb8 Kf4 53. Rxb5 Kxf3 54. Rb6 Rh6 55. a4 Kf4 56. a5 Kf5 57. a6 Rh8 58. a7 Ra8
59. Rb7 Ke4 60. Ka4 Kd3 61. Ka5 Kc4 62. Ka6 Rd8 63. Rb8 Rd6+ 64. Kb7 Rd7+ 65.
Kb6 Rd6+ 66. Kc7 Ra6 67. a8=Q Rxa8 68. Rxa8 1-0

[Event "Ä13Â"]
[Site "Loo"]
[Date "2017.04.21"]
[Round "2.9"]
[White "Êðàìàðåíêî, Åëåíà."]
[Black "Àëåêñååíêî, Ìàðèÿ."]
[Result "0-1"]
[WhiteElo "1527"]
[BlackElo "1684"]
[PlyCount "136"]
[EventDate "2017.04.20"]

1. e4 c5 2. Nf3 e6 3. d4 cxd4 4. Nxd4 a6 5. Nc3 Qc7 6. g3 Bb4 7. Bd2 Nf6 8. Bg2
Be7 9. O-O Nc6 10. Nb3 b5 11. a4 b4 12. Ne2 Bb7 13. Be3 Ne5 14. Bf4 d6 15. c3
bxc3 16. Nxc3 Rc8 17. Rc1 Qb8 18. Qe2 O-O 19. Nd2 Rfd8 20. Rfd1 Nfd7 21. h3 Nc5
22. Nf3 Nb3 23. Rc2 Bf6 24. g4 Nxf3+ 25. Qxf3 Nd4 26. Rxd4 Bxd4 27. Rd2 Be5 28.
Bg5 Re8 29. Qd3 Qc7 30. f4 Bxc3 31. bxc3 f6 32. Bh4 Qxc3 33. Qxd6 Qc5+ 34. Qd4
e5 35. fxe5 Qxd4+ 36. Rxd4 Rxe5 37. Rb4 Rc1+ 38. Kh2 Bc6 39. Bg3 Re6 40. a5 Rc2
41. Kg1 Bb5 42. e5 Bc6 43. Bf1 Bd5 44. Rd4 Rc5 45. Rxd5 Rxd5 46. Bc4 Rd1+ 47.
Kf2 Kf7 48. Bxe6+ Kxe6 49. exf6 gxf6 50. Bc7 Rc1 51. Bb6 Ke5 52. Kg3 Ke4 53.
Kh4 Rh1 54. Bd8 f5 55. gxf5 Kxf5 56. Kg3 Rb1 57. Kh4 Rb3 58. Bb6 Ke6 59. Bd8
Rb5 60. Kg4 Kd7 61. Bg5 Rxa5 62. Kh5 Rxg5+ 63. Kxg5 a5 64. h4 a4 65. Kh6 a3 66.
Kxh7 a2 67. h5 a1=Q 68. h6 Qf6 0-1

[Event "Ä13Â"]
[Site "Loo"]
[Date "2017.04.21"]
[Round "2.10"]
[White "Áîäíàðóê, Êñåíèÿ."]
[Black "Ëîñåâà, Ìàðãàðèòà."]
[Result "1-0"]
[WhiteElo "1677"]
[BlackElo "1439"]
[PlyCount "127"]
[EventDate "2017.04.20"]

1. e4 e5 2. Nf3 Nc6 3. Bc4 Nf6 4. d3 Bc5 5. c3 d6 6. Nbd2 Bg4 7. h3 Bh5 8. O-O
O-O 9. Re1 Re8 10. Nf1 h6 11. Ng3 Bg6 12. Be3 Bb6 13. Qd2 Kh7 14. Bb3 d5 15.
Bxb6 axb6 16. Qe2 dxe4 17. dxe4 Qe7 18. Rad1 Qc5 19. Nh4 b5 20. Rd3 Rad8 21.
Red1 Rxd3 22. Rxd3 Na5 23. Nxg6 Nxb3 24. axb3 fxg6 25. Qd2 Ra8 26. Rd8 Ra1+ 27.
Kh2 Qc6 28. Rc8 Qd6 29. Qxd6 cxd6 30. Rb8 Ra7 31. Rd8 Ra2 32. Rxd6 Rxb2 33. b4
Rxf2 34. Re6 Nd7 35. Rd6 Rf7 36. Rd5 Re7 37. Rxb5 Nf6 38. Kg1 h5 39. h4 Ng4 40.
Nf1 Rd7 41. Rd5 Rc7 42. Rd3 Rf7 43. Nd2 Rf2 44. Nf3 Ra2 45. Ng5+ Kh6 46. Kf1
Ra1+ 47. Ke2 Ra2+ 48. Ke1 Ra1+ 49. Kd2 Ra8 50. c4 Ra2+ 51. Kc1 Ra8 52. c5 Rc8
53. Kb2 Rf8 54. b5 Rc8 55. c6 bxc6 56. bxc6 Nf6 57. c7 Nd7 58. Nf7+ Kh7 59.
Rxd7 g5 60. hxg5 Kg6 61. Nd6 Rxc7 62. Rxc7 Kxg5 63. Rxg7+ Kh4 64. Nf5# 1-0

[Event "Ä13Â"]
[Site "Loo"]
[Date "2017.04.21"]
[Round "2.11"]
[White "Ðåãåð, Âàëåðèÿ."]
[Black "Ìàëüöåâà, Åêàòåðèíà."]
[Result "1-0"]
[WhiteElo "1388"]
[BlackElo "1671"]
[PlyCount "63"]
[EventDate "2017.04.20"]

1. d4 d5 2. Bf4 c5 3. e3 Nc6 4. c3 Bf5 5. Nf3 Nf6 6. Bd3 Bxd3 7. Qxd3 e6 8.
Nbd2 Qd7 9. Ne5 Nxe5 10. dxe5 Nh5 11. O-O Nxf4 12. exf4 Rc8 13. Rfd1 c4 14. Qf3
Be7 15. Nf1 Qb5 16. Rab1 Qa5 17. f5 Qa6 18. Qg4 g6 19. f6 Bc5 20. Rxd5 Qxa2 21.
Rdd1 Qa5 22. Qe4 Qb6 23. Rd2 h5 24. Rbd1 O-O 25. Qf4 Rfe8 26. Ng3 Kh7 27. Ne4
Bf8 28. Ng5+ Kg8 29. g4 Red8 30. gxh5 Rxd2 31. Rxd2 gxh5 32. Qe4 1-0

[Event "Ä13Â"]
[Site "Loo"]
[Date "2017.04.21"]
[Round "2.12"]
[White "Êóäðÿâöåâà, Àíàñòàñèÿ."]
[Black "Íóð-Ìóõàìåòîâà, Àëèñà."]
[Result "0-1"]
[WhiteElo "1413"]
[BlackElo "1723"]
[PlyCount "80"]
[EventDate "2017.04.20"]

1. Nf3 Nf6 2. g3 g6 3. Bg2 Bg7 4. O-O O-O 5. d3 d5 6. Nbd2 c5 7. Re1 Nc6 8. e4
e5 9. c3 Re8 10. h3 Rb8 11. a4 a6 12. Qe2 b5 13. axb5 axb5 14. Nb3 Qb6 15. Be3
d4 16. cxd4 cxd4 17. Bd2 b4 18. Bg5 h6 19. Bxf6 Bxf6 20. Nbd2 Be6 21. b3 Na5
22. Reb1 Nb7 23. Nc4 Bxc4 24. bxc4 Nc5 25. Rb2 Ra8 26. Rab1 b3 27. Nd2 Ra3 28.
Bf1 Rb8 29. Qd1 Qb4 30. Rc1 Na4 31. Rcb1 Nxb2 32. Rxb2 Qc3 33. Qb1 Rba8 34.
Nxb3 Rb8 35. Kg2 Raxb3 36. Rxb3 Rxb3 37. Qd1 Rb2 38. Qf3 Bg5 39. Kg1 Qc2 40. h4
Be3 0-1

[Event "Ä13Â"]
[Site "Loo"]
[Date "2017.04.21"]
[Round "2.13"]
[White "Äàøèíà, Ñîôèÿ."]
[Black "Ñåì¸íîâà, Äàðüÿ."]
[Result "1-0"]
[WhiteElo "1644"]
[BlackElo "1429"]
[PlyCount "99"]
[EventDate "2017.04.20"]

1. Nf3 Nf6 2. c4 c5 3. Nc3 Nc6 4. e3 g6 5. d4 cxd4 6. exd4 d5 7. Be2 Bg7 8. O-O
O-O 9. a3 a5 10. b3 Bg4 11. Be3 Ne4 12. Rc1 Nxc3 13. Rxc3 dxc4 14. Rxc4 Be6 15.
Rc5 Bd5 16. Ne5 Nxe5 17. dxe5 e6 18. f4 Qe7 19. a4 Rfd8 20. Qc2 Bc6 21. Bf3
Bxf3 22. Rxf3 Qd7 23. Rf1 Rac8 24. Rc1 Rxc5 25. Qxc5 Qd3 26. Qc3 Qe4 27. Bb6
Re8 28. Qc4 Qf5 29. Bxa5 h5 30. Bb4 Bh6 31. Rf1 h4 32. h3 Rd8 33. Bd6 Ra8 34.
Be7 Qh5 35. Qe4 Re8 36. Bd6 g5 37. fxg5 Bxg5 38. b4 Qh6 39. Qg4 Qg6 40. a5 Kh8
41. Qf3 Rg8 42. Kh1 Bd8 43. Qxb7 Qc2 44. Qf3 Rg6 45. a6 Bb6 46. Bc5 Bxc5 47.
bxc5 Qxc5 48. Qxf7 Rg7 49. Qf8+ Kh7 50. Qxc5 1-0

[Event "Ä13Â"]
[Site "Loo"]
[Date "2017.04.21"]
[Round "2.14"]
[White "Êàðïîâà, Ëàðèñà."]
[Black "Òîêìàêîâà, Óëüÿíà."]
[Result "0-1"]
[WhiteElo "1608"]
[BlackElo "1315"]
[PlyCount "106"]
[EventDate "2017.04.20"]

1. d4 Nf6 2. Nf3 e6 3. a3 b6 4. c4 Bb7 5. Nc3 Be7 6. Bf4 O-O 7. h3 d6 8. e3 Ne4
9. Qc2 Nxc3 10. Qxc3 Nd7 11. Qd2 Nf6 12. Be2 Qd7 13. O-O Ne4 14. Qd1 Rad8 15.
Rc1 f6 16. Bh2 e5 17. dxe5 fxe5 18. b4 Rf6 19. Qc2 Rg6 20. Kh1 Ng5 21. Nxg5
Rxg5 22. e4 Qe8 23. h4 Rxg2 24. Bg3 Qg6 25. Bf3 Rxg3 26. fxg3 Qxg3 27. Qh2 Bxh4
28. Qxg3 Bxg3 29. c5 Bf4 30. Rc2 bxc5 31. bxc5 c6 32. Rd1 Kf7 33. Bg4 Ke7 34.
cxd6+ Rxd6 35. Rxd6 Kxd6 36. Rb2 Kc7 37. Rb3 c5 38. Bf3 Kc6 39. Be2 Bd2 40. Rd3
Bg5 41. Rd5 Bf6 42. Bd3 Kb6 43. Rd6+ Kc7 44. Re6 Kd7 45. Rxf6 gxf6 46. Kh2 c4
47. Bc2 Kc6 48. Kg3 Kc5 49. Kg4 Kd4 50. Kf5 Ke3 51. Kxf6 Bxe4 52. Ba4 Kd2 53.
Kxe5 Bc2 0-1

[Event "Ä13Â"]
[Site "Loo"]
[Date "2017.04.21"]
[Round "2.15"]
[White "Åìåëüÿíîâà, Åëåíà."]
[Black "Ñóðîâöåâà, Àëèñà."]
[Result "1-0"]
[WhiteElo "1504"]
[BlackElo "1601"]
[PlyCount "141"]
[EventDate "2017.04.20"]

1. e4 e5 2. Nf3 Nc6 3. Bc4 Nf6 4. d3 Be7 5. O-O O-O 6. Re1 d6 7. a4 Bg4 8. c3
d5 9. exd5 Nxd5 10. Nbd2 Nf4 11. Ne4 Na5 12. Bxf4 Nxc4 13. Bc1 Nd6 14. Ng3 f6
15. h3 Bd7 16. b4 a5 17. Qb3+ Kh8 18. Bd2 axb4 19. cxb4 Qe8 20. b5 c6 21. b6 c5
22. a5 Bc6 23. Be3 Nb5 24. Rec1 Nd4 25. Nxd4 cxd4 26. Bd2 Qd7 27. Bb4 Bxb4 28.
Qxb4 f5 29. Qc5 Rae8 30. a6 f4 31. Nf1 Qf5 32. axb7 Bxg2 33. Kxg2 f3+ 34. Kh2
Qf4+ 35. Ng3 h5 36. Ra8 Rxa8 37. bxa8=Q Rxa8 38. Qc6 Rf8 39. Rg1 h4 40. b7
hxg3+ 41. Rxg3 e4 42. Qxe4 Qxe4 43. dxe4 d3 44. Rxf3 Rb8 45. Rxd3 Rxb7 46. f4
Kh7 47. Kg3 Kg6 48. Kg4 Rb6 49. e5 Rb1 50. Rd6+ Kf7 51. Kf5 Rb3 52. e6+ Kf8 53.
h4 Rb5+ 54. Kg6 Rb4 55. f5 Rxh4 56. Rd8+ Ke7 57. Rd7+ Kf8 58. Rf7+ Kg8 59.
Rxg7+ Kh8 60. Kf6 Ra4 61. e7 Ra6+ 62. Kg5 Ra8 63. Rf7 Kg8 64. Rf8+ Rxf8 65.
exf8=Q+ Kxf8 66. Kg6 Kg8 67. f6 Kh8 68. Kf7 Kh7 69. Ke7 Kg8 70. f7+ Kg7 71.
f8=Q+ 1-0

[Event "Ä13Â"]
[Site "Loo"]
[Date "2017.04.21"]
[Round "2.16"]
[White "Ðàçóâàåâà, Åêàòåðèíà."]
[Black "Íèêóëèíà, Àíàñòàñèÿ."]
[Result "1-0"]
[WhiteElo "1270"]
[BlackElo "1562"]
[PlyCount "85"]
[EventDate "2017.04.20"]

1. e4 c5 2. Nf3 Nc6 3. d4 cxd4 4. Nxd4 g6 5. Nc3 Bg7 6. Be3 d6 7. f3 Qb6 8. Nd5
Qa5+ 9. c3 a6 10. Be2 Nf6 11. Nxc6 bxc6 12. Bb6 Nxd5 13. Bxa5 Ne3 14. Qa4 Bd7
15. Kf2 c5 16. Qb3 Be6 17. Qb7 O-O 18. Kxe3 Bf6 19. Qc6 Rfc8 20. Qa4 Rcb8 21.
Qc2 Bd7 22. Rab1 Bb5 23. Bxb5 axb5 24. b4 cxb4 25. Bxb4 Rc8 26. a3 Rc4 27. Rhd1
Rac8 28. Rd3 Bg7 29. a4 bxa4 30. Qxa4 Bh6+ 31. Ke2 Bf4 32. Rd4 R4c7 33. Ba5 Ra7
34. Rdb4 Bxh2 35. Rb8 Ra8 36. Rxc8+ Rxc8 37. Qd7 Ra8 38. Qxe7 h5 39. Rb7 Rf8
40. Bb4 Be5 41. Bxd6 Bxc3 42. Qxf8+ Kh7 43. Rxf7+ 1-0

[Event "Ä13Â"]
[Site "Loo"]
[Date "2017.04.21"]
[Round "2.17"]
[White "Ïàðñåãÿí, Êñåíèÿ."]
[Black "Äîðîõèíà, Åëèçàâåòà."]
[Result "1-0"]
[WhiteElo "1558"]
[BlackElo "1452"]
[PlyCount "61"]
[EventDate "2017.04.20"]

1. d4 Nf6 2. c4 g6 3. Nc3 Bg7 4. e4 d6 5. Be2 O-O 6. Bg5 c5 7. d5 h6 8. Be3 a6
9. Qd2 Kh7 10. h4 Rh8 11. h5 g5 12. f4 gxf4 13. Bxf4 Bd7 14. Nh3 Qc8 15. Nf2
Ng4 16. Nxg4 Bxg4 17. O-O-O Rg8 18. Rdf1 Bxe2 19. Nxe2 b5 20. Ng3 Qf8 21. Nf5
Nd7 22. Rf3 Nf6 23. Qe3 Ng4 24. Qe2 Ne5 25. Rg3 Nxc4 26. Rxg7+ Rxg7 27. Bxh6
Qg8 28. Bxg7 e6 29. dxe6 fxe6 30. Qg4 exf5 31. Qg6# 1-0

[Event "Ä13Â"]
[Site "Loo"]
[Date "2017.04.21"]
[Round "2.18"]
[White "Öàìàëàèäçå, Ëèàíà."]
[Black "Êðóïíîâà, Àííà."]
[Result "0-1"]
[WhiteElo "1349"]
[BlackElo "1556"]
[PlyCount "142"]
[EventDate "2017.04.20"]

1. e4 c5 2. Nf3 d6 3. g3 Nc6 4. Bg2 g6 5. O-O Bg7 6. Re1 e5 7. d3 Nge7 8. Bg5
h6 9. Be3 O-O 10. Nbd2 f5 11. exf5 gxf5 12. Nf1 f4 13. Bd2 Bg4 14. c3 Kh8 15.
h3 Bxf3 16. Bxf3 Rb8 17. Kh1 Nf5 18. g4 Nh4 19. Nh2 Nxf3 20. Nxf3 Qd7 21. Kh2
Rbe8 22. Nh4 Ne7 23. g5 Qe6 24. Qh5 Qf7 25. Qxf7 Rxf7 26. gxh6 Bxh6 27. Rg1 Rg7
28. Rxg7 Bxg7 29. Re1 Bf6 30. Nf3 Nd5 31. c4 Nc7 32. b3 Kg7 33. Ba5 b6 34. Bd2
Kf7 35. Rg1 Ne6 36. Kh1 Rh8 37. Kh2 a6 38. a4 b5 39. Rb1 Rb8 40. axb5 axb5 41.
Kg2 bxc4 42. dxc4 e4 43. Ne1 f3+ 44. Kf1 Rh8 45. Be3 Rxh3 46. Kg1 Bd4 47. Nc2
Kf6 48. b4 Bxe3 49. Nxe3 Nd4 50. Ng4+ Ke6 51. Nh2 cxb4 52. Rxb4 Ke5 53. Rb8
Ne2+ 54. Kh1 Rh6 55. Re8+ Kd4 56. Rc8 Rg6 57. Nxf3+ exf3 58. Rf8 Rg1+ 59. Kh2
Rg2+ 60. Kh3 Rxf2 61. Rf6 Ke5 62. Rf8 Nd4 63. Re8+ Ne6 64. Kg3 Rf1 65. Re7 Kf5
66. Rf7+ Ke4 67. Re7 Rg1+ 68. Kh2 Rg6 69. Re8 f2 70. c5 f1=Q 71. Rxe6+ Rxe6 0-1

[Event "Ä13Â"]
[Site "Loo"]
[Date "2017.04.21"]
[Round "2.19"]
[White "Êàñàåâà, Ñîôèÿ."]
[Black "Ôåäîðè÷åâà, Åêàòåðèíà."]
[Result "1-0"]
[WhiteElo "1661"]
[BlackElo "1482"]
[PlyCount "49"]
[EventDate "2017.04.20"]

1. e4 d6 2. d4 Nf6 3. Nc3 g6 4. f4 Bg7 5. Nf3 Bg4 6. Be3 c6 7. h3 Bxf3 8. Qxf3
Qa5 9. O-O-O b5 10. e5 dxe5 11. dxe5 Nfd7 12. Bxb5 Qc7 13. g4 O-O 14. h4 Nb6
15. Bd3 N8d7 16. h5 e6 17. hxg6 fxg6 18. Qh3 Rf7 19. Qxh7+ Kf8 20. Qxg6 Ke7 21.
Qg5+ Ke8 22. Bg6 Nf8 23. Bxf7+ Qxf7 24. Ne4 Qg8 25. Nf6+ 1-0

[Event "Ä13Â"]
[Site "Loo"]
[Date "2017.04.21"]
[Round "2.20"]
[White "Íèêîëàåâà, Íàäåæäà."]
[Black "Ïàëü÷óí, Ïîëèíà."]
[Result "0-1"]
[WhiteElo "1611"]
[BlackElo "1444"]
[PlyCount "142"]
[EventDate "2017.04.20"]

1. d4 d5 2. c4 e6 3. Nc3 Nf6 4. Bg5 Nbd7 5. e3 c6 6. cxd5 exd5 7. Bd3 Be7 8.
Nf3 Nf8 9. Bf4 Ne6 10. Bg3 g6 11. O-O Ng7 12. h3 Nf5 13. Be5 O-O 14. a3 Be6 15.
b4 a6 16. Rb1 Nd6 17. a4 a5 18. b5 Rc8 19. Qe2 Bf5 20. Rfc1 Bxd3 21. Qxd3 Nc4
22. Bg3 Ba3 23. Rc2 Bb4 24. Rb3 Bxc3 25. Qxc3 cxb5 26. axb5 Ne4 27. Qe1 Nxg3
28. fxg3 b6 29. Rbc3 Qd7 30. Qb1 Rfe8 31. Kf2 Qe7 32. Re2 Nd6 33. Rb3 Ne4+ 34.
Ke1 Nc3 35. Qd3 Nxe2 36. Qxe2 f6 37. Kf2 Qe4 38. Ne1 Rc4 39. Qd3 Qxd3 40. Nxd3
g5 41. Kf3 Rec8 42. Nf2 Rc3 43. Rb2 Rc2 44. Rb3 Ra8 45. Nd3 Rac8 46. Nf2 Rd2
47. Ng4 Kg7 48. Nf2 Rcc2 49. Nd3 h5 50. e4 dxe4+ 51. Kxe4 Rxg2 52. Kf3 Rge2 53.
d5 Re7 54. Ra3 Rd7 55. Ke4 Rc4+ 56. Ke3 Rxd5 57. Rb3 Rd8 58. Nf2 f5 59. Nd3
Re4+ 60. Kf3 Rde8 61. Nf2 Rb4 62. Rd3 Rxb5 63. Rd7+ Kg8 64. Rd4 Rb3+ 65. Kg2
Rb4 66. Rd5 Rf8 67. Rd6 Kg7 68. Rd7+ Rf7 69. Rd2 f4 70. gxf4 Rbxf4 71. Rb2
Rxf2+ 0-1

[Event "Ä13Â"]
[Site "Loo"]
[Date "2017.04.21"]
[Round "2.21"]
[White "Çàâèâàåâà, Ýìèëèÿ."]
[Black "Ãðàíêèíà, Àëèñà."]
[Result "1-0"]
[WhiteElo "1490"]
[BlackElo "1585"]
[PlyCount "65"]
[EventDate "2017.04.20"]

1. e4 e5 2. Nf3 Nc6 3. Bb5 a6 4. Ba4 d6 5. c3 Bd7 6. d3 Nge7 7. Nbd2 Ng6 8. Nf1
Be7 9. h3 O-O 10. g4 Nh4 11. Ne3 b5 12. Bb3 Na5 13. Bc2 g6 14. d4 Nc6 15. Nxh4
Bxh4 16. d5 Na5 17. b4 Nb7 18. Ng2 f5 19. exf5 gxf5 20. gxf5 Bf6 21. Bh6 Rf7
22. Rg1 Kh8 23. Ne3 Qe7 24. Qh5 e4 25. O-O-O Bxc3 26. a3 Qf6 27. Bg5 Bb2+ 28.
Kb1 Qc3 29. Qxf7 a5 30. f6 Rg8 31. Bh6 Rxg1 32. Qf8+ Rg8 33. Bg7# 1-0

[Event "Ä13Â"]
[Site "Loo"]
[Date "2017.04.21"]
[Round "2.22"]
[White "Þñóïîâà, Ýëèíà."]
[Black "Ãðèãîðÿí, Ñîíà."]
[Result "1-0"]
[WhiteElo "1481"]
[BlackElo "1527"]
[PlyCount "45"]
[EventDate "2017.04.20"]

1. d4 d5 2. Nf3 Nf6 3. Bf4 e6 4. e3 Bd6 5. Bxd6 Qxd6 6. Nbd2 b6 7. Bd3 Bb7 8.
O-O O-O 9. Ne5 c5 10. c3 Nfd7 11. f4 f6 12. Nxd7 Nxd7 13. Qh5 f5 14. Rf3 Nf6
15. Qh4 Qd7 16. Rg3 c4 17. Bc2 b5 18. a3 a5 19. Nf3 h6 20. Ne5 Qc7 21. Qxh6 Nh7
22. Qxe6+ Kh8 23. Ng6# 1-0

[Event "Ä13Â"]
[Site "Loo"]
[Date "2017.04.21"]
[Round "2.23"]
[White "Øåñòàêîâà, Áîãäàíà."]
[Black "Áàêóëîâà, Òàòüÿíà."]
[Result "1-0"]
[WhiteElo "1526"]
[BlackElo "1395"]
[PlyCount "61"]
[EventDate "2017.04.20"]

1. e4 e6 2. d3 d5 3. Nf3 Nf6 4. Nbd2 c5 5. g3 g6 6. Bg2 Bg7 7. O-O O-O 8. Re1
Nc6 9. Rb1 b6 10. a3 a5 11. c4 Ba6 12. Qb3 dxc4 13. dxc4 Rb8 14. Qc2 Nd4 15.
Nxd4 cxd4 16. e5 Nd7 17. f4 Rc8 18. b3 Qc7 19. Qd3 Rfd8 20. Bb2 Nc5 21. Qf1 Nb7
22. Ne4 Nc5 23. Nd6 Rb8 24. Bxd4 Nb7 25. Nxb7 Rxd4 26. Nd6 Qc5 27. Qf2 Rd8 28.
b4 axb4 29. axb4 Qc7 30. Qxd4 Qa7 31. Ra1 1-0

[Event "Ä13Â"]
[Site "Loo"]
[Date "2017.04.21"]
[Round "2.24"]
[White "Êîìëåâà, Àííà."]
[Black "Âîñòðèêîâà, Ñòàíèñëàâà."]
[Result "1/2-1/2"]
[WhiteElo "1472"]
[BlackElo "1519"]
[PlyCount "129"]
[EventDate "2017.04.20"]

1. e4 e6 2. d4 d5 3. Nd2 c5 4. exd5 Qxd5 5. Ngf3 cxd4 6. Bc4 Qd6 7. O-O Nf6 8.
Nb3 Nc6 9. Nbxd4 Nxd4 10. Qxd4 Qxd4 11. Nxd4 Bd7 12. Bf4 Rc8 13. Bb3 Bc5 14.
Rad1 O-O 15. Rfe1 h6 16. h3 Rfe8 17. c3 a6 18. a3 Bxd4 19. Rxd4 Bc6 20. c4 Nd7
21. Bg3 Nc5 22. Bc2 Red8 23. Red1 Rd7 24. b4 Rxd4 25. Rxd4 Nd7 26. Be4 Bxe4 27.
Rxe4 Nb6 28. c5 Nd5 29. Rd4 Rc6 30. Bd6 Nc3 31. Rd3 Nd5 32. Kf1 b6 33. g3 h5
34. Ke2 bxc5 35. Bxc5 h4 36. Kd2 hxg3 37. Rxg3 a5 38. Kd3 axb4 39. axb4 f6 40.
Kc4 Rc8 41. Ra3 Nb6+ 42. Kb5 Nd7 43. Ra7 Ne5 44. Kb6 Nd3 45. Kb7 Rxc5 46. bxc5
Nxc5+ 47. Kc6 Ne4 48. f4 Nf2 49. Ra3 Kf7 50. Kd7 Ne4 51. Re3 f5 52. h4 Kf6 53.
Re2 e5 54. fxe5+ Kxe5 55. Ke7 Kf4 56. Rg2 Ng3 57. Ke6 g6 58. Kf6 Kg4 59. Rxg3+
Kxg3 60. Kxg6 f4 61. h5 f3 62. h6 f2 63. h7 f1=Q 64. h8=Q Qd3+ 65. Kg7 1/2-1/2

[Event "Ä13Â"]
[Site "Loo"]
[Date "2017.04.21"]
[Round "2.25"]
[White "Èçáåêîâà, Åâäîêèÿ."]
[Black "Ìàêàðåíêî, Åëèçàâåòà."]
[Result "1/2-1/2"]
[WhiteElo "1518"]
[BlackElo "1386"]
[PlyCount "64"]
[EventDate "2017.04.20"]

1. e4 c5 2. Nf3 d6 3. d4 cxd4 4. Nxd4 Nf6 5. Nc3 a6 6. Bc4 e6 7. Bb3 Be7 8. Be3
Qc7 9. O-O O-O 10. f4 b5 11. a3 Bb7 12. Qf3 Nbd7 13. Nde2 Rac8 14. g4 Nc5 15.
Bxc5 Qxc5+ 16. Kh1 d5 17. e5 Nxg4 18. Qxg4 d4+ 19. Nd5 Bxd5+ 20. Bxd5 Qxd5+ 21.
Qf3 Qxf3+ 22. Rxf3 Rxc2 23. Nxd4 Rxb2 24. f5 exf5 25. Nxf5 Re8 26. Rg1 g6 27.
Nh6+ Kg7 28. Nf5+ Kg8 29. Nh6+ Kg7 30. Nf5+ Kg8 31. Nh6+ Kg7 32. Nf5+ Kg8
1/2-1/2

[Event "Ä13Â"]
[Site "Loo"]
[Date "2017.04.21"]
[Round "2.26"]
[White "Äèâååâà, Äàðüÿ."]
[Black "Ëåñíûõ, Æàííà."]
[Result "1-0"]
[WhiteElo "1451"]
[BlackElo "1513"]
[PlyCount "123"]
[EventDate "2017.04.20"]

1. d4 d5 2. Nf3 e6 3. Bf4 c5 4. e3 Nc6 5. c3 Nf6 6. Bd3 Qb6 7. Qc1 Bd7 8. h3
Rc8 9. Nbd2 cxd4 10. exd4 Nb4 11. Be2 Bb5 12. a3 Bxe2 13. axb4 Bxf3 14. Nxf3
Bxb4 15. Qe3 Be7 16. Qe2 O-O 17. O-O a6 18. Ne5 Bd6 19. Rfe1 Bxe5 20. Bxe5 Nd7
21. Bf4 Qd8 22. Qg4 Nf6 23. Qf3 Ne4 24. Qg4 Kh8 25. Be5 Rg8 26. Qh5 Qe7 27. Re3
f6 28. Bh2 Qe8 29. Qe2 Rc6 30. Re1 Rb6 31. f3 Ng5 32. h4 Nf7 33. Rxe6 Qb5 34.
Qxb5 Rxb5 35. R1e2 Nd8 36. Re8 Nc6 37. R8e6 h6 38. Bd6 Na5 39. b4 Nc4 40. Bf4
Rb6 41. Rxb6 Nxb6 42. Re7 Na4 43. Rxb7 Nxc3 44. Be3 Re8 45. Bf2 Rc8 46. Rb6 Rc4
47. Rxa6 Rxb4 48. Be1 Rb1 49. Kf2 Rb2+ 50. Kf1 Ne2 51. Ra5 Nxd4 52. Rxd5 Ne6
53. Rd2 Rb4 54. Rd6 Rb1 55. Rxe6 Kg8 56. Kf2 Kf7 57. Re2 Rb5 58. g4 h5 59. Re3
hxg4 60. fxg4 Rb2+ 61. Kg3 Rb7 62. Bc3 1-0

[Event "Ä13Â"]
[Site "Loo"]
[Date "2017.04.21"]
[Round "2.28"]
[White "Êîñòèíà, Àëåêñàíäðà."]
[Black "Àáðàìîâà, Òàòüÿíà."]
[Result "1-0"]
[WhiteElo "1442"]
[BlackElo "1508"]
[PlyCount "129"]
[EventDate "2017.04.20"]

1. e4 e5 2. Nf3 Nc6 3. Bb5 a6 4. Ba4 d6 5. d4 b5 6. Bb3 Nxd4 7. Nxd4 exd4 8.
Bd5 Rb8 9. Qxd4 Nf6 10. Bg5 Be7 11. Bc6+ Bd7 12. Bxd7+ Qxd7 13. O-O O-O 14. e5
dxe5 15. Qxd7 Nxd7 16. Bxe7 Rfe8 17. Bh4 f6 18. Nc3 Nc5 19. f3 g5 20. Bf2 Nb7
21. Rad1 Rbd8 22. Ne4 Kf7 23. h4 h6 24. hxg5 hxg5 25. a3 Kg6 26. Nc3 f5 27.
Rxd8 Rxd8 28. Rd1 Rxd1+ 29. Nxd1 Nd6 30. Ne3 c6 31. b3 Kf6 32. c4 f4 33. Ng4+
Ke6 34. cxb5 cxb5 35. g3 Nf5 36. gxf4 gxf4 37. Kf1 Kd5 38. Nf6+ Ke6 39. Ne4 Kd5
40. Ke2 Ne7 41. Kd3 Nc6 42. b4 Ke6 43. Nc5+ Kd5 44. Nxa6 Ne7 45. Nc5 Nf5 46.
Ne4 Ne7 47. Nc3+ Ke6 48. Nxb5 Nf5 49. Nc3 Ne7 50. a4 Nc6 51. Bc5 Nb8 52. b5 Nd7
53. Bf2 Ke7 54. Kc4 Ke6 55. Ne4 Kf5 56. b6 Nb8 57. a5 Ke6 58. Nc5+ Kd6 59. a6
Nxa6 60. Nxa6 Kc6 61. Nb4+ Kb7 62. Kd5 e4 63. fxe4 f3 64. e5 Kc8 65. Kd6 1-0